Eastern Utah Libraries Catalog: Duchesne, Heber, Roosevelt, & Vernal

The Big bang theory. The complete fourth season (Record no. 81570)

MARC details
000 -LEADER
fixed length control field 03330cgm a2200697Ia 4500
001 - CONTROL NUMBER
control field ocn744473741
003 - CONTROL NUMBER IDENTIFIER
control field OCoLC
005 - DATE AND TIME OF LATEST TRANSACTION
control field 20251220125436.0
007 - PHYSICAL DESCRIPTION FIXED FIELD--GENERAL INFORMATION
fixed length control field vd cvaizq
008 - FIXED-LENGTH DATA ELEMENTS--GENERAL INFORMATION
fixed length control field 110802p20112010cau501 e vleng d
020 ## - INTERNATIONAL STANDARD BOOK NUMBER
International Standard Book Number 0780668049
020 ## - INTERNATIONAL STANDARD BOOK NUMBER
International Standard Book Number 9780780668041
024 1# - OTHER STANDARD IDENTIFIER
Standard number or code 883929163496
028 42 - PUBLISHER NUMBER
Publisher number 1000173531
Source Warner Home Video
029 1# - (OCLC)
OCLC library identifier AU@
System control number 000047820008
035 ## - SYSTEM CONTROL NUMBER
System control number (OCoLC)744473741
Canceled/invalid control number (OCoLC)748435753
037 ## - SOURCE OF ACQUISITION
Source of stock number/acquisition Midwest Tape
Note http://www.midwesttapes.com
040 ## - CATALOGING SOURCE
Original cataloging agency TEFMT
Transcribing agency TEFMT
Modifying agency TEF
-- IEP
-- TEFMT
-- ZHX
-- OCP
-- FMU
-- UINTA
Description conventions rda
041 1# - LANGUAGE CODE
Language code of text/sound track or separate title eng
Language code of original and/or intermediate translations of text eng
049 ## - LOCAL HOLDINGS (OCLC)
Holding library UCLB
050 #4 - LIBRARY OF CONGRESS CALL NUMBER
Classification number PN1992.77
Item number .B54 2011
082 04 - DEWEY DECIMAL CLASSIFICATION NUMBER
Classification number 791.45/75
Edition number 23
092 ## - LOCALLY ASSIGNED DEWEY CALL NUMBER (OCLC)
Classification number 791.457
130 0# - MAIN ENTRY--UNIFORM TITLE
Uniform title Big bang theory (Television program).
Number of part/section of a work Season 4.
9 (RLIN) 6229896
245 04 - TITLE STATEMENT
Title The Big bang theory. The complete fourth season
260 ## - PUBLICATION, DISTRIBUTION, ETC. (IMPRINT)
Place of publication, distribution, etc Burbank, Calif. :
Name of publisher, distributor, etc Warner Bros. Entertainment :
-- Distributed by Warner Home Video,
Date of publication, distribution, etc [2011]
264 ## - Production, Publication, Distribution, Manufacture, and Copyright Notice.
Place of production, publication, distribution, manufacture Burbank, Calif. :
Name of producer, publisher, distributor, manufacturer Warner Bros. Television ; Chuck Lorre Productions.
Date of production, publication, distribution, manufacture, or copyr 2011
300 ## - PHYSICAL DESCRIPTION
Extent 3 videodiscs (501 min.) :
Other physical details sd., col. ;
Dimensions 4 3/4 in.
500 ## - GENERAL NOTE
General note Title from container.
500 ## - GENERAL NOTE
General note Created by Chuck Lorre & Bill Prady.
500 ## - GENERAL NOTE
General note Originally aired on television in 2010-2011.
500 ## - GENERAL NOTE
General note Special features: Actor on actor featurette; The Barenaked Ladies on Big Bang Theory featurette; The history of everything music video; gag reel.
508 ## - CREATION/PRODUCTION CREDITS NOTE
Creation/production credits note Created by Chuck Lorre and Bill Prady.
511 1# - PARTICIPANT OR PERFORMER NOTE
Participant or performer note Jim Parsons, Johnny Galecki, Kaley Cuoco, Simon Helberg, Kunal Nayyar.
520 ## - SUMMARY, ETC.
Summary, etc This season the Big Bang gang's romantic universe expands. On the rebound from Penny, Leonard falls into the arms of Raj's sister Priya. Sheldon gets a girlfriend, or rather a friend who is a girl: Amy, a dour neurobiologist who declares herself besties with Penny. Howard and Bernadette heat up. And so do Raj and Bernadette (at least in Raj's Bollywood daydream). All in the furtherance of award-winning genius comedy.
521 8# - TARGET AUDIENCE NOTE
Target audience note Not rated.
538 ## - SYSTEM DETAILS NOTE
System details note DVD, region 1, widescreen presentation; Dolby Digital 5.1 surround, dual-layer.
546 ## - LANGUAGE NOTE
Language note English dialogue; English, French or Spanish subtitles; English subtitled for the deaf and hard of hearing.
650 #0 - SUBJECT ADDED ENTRY--TOPICAL TERM
Topical term or geographic name as entry element Physicists
Form subdivision Drama.
9 (RLIN) 5711550
650 #0 - SUBJECT ADDED ENTRY--TOPICAL TERM
Topical term or geographic name as entry element Man-woman relationships
Form subdivision Drama.
9 (RLIN) 5673977
650 #0 - SUBJECT ADDED ENTRY--TOPICAL TERM
Topical term or geographic name as entry element Apartment dwellers
Form subdivision Drama.
9 (RLIN) 5745036
650 #0 - SUBJECT ADDED ENTRY--TOPICAL TERM
Topical term or geographic name as entry element Neighbors
Form subdivision Drama.
9 (RLIN) 5692604
650 #7 - SUBJECT ADDED ENTRY--TOPICAL TERM
Topical term or geographic name as entry element Relaciones hombre-mujer
Form subdivision Teatro.
Source of heading or term bidex
9 (RLIN) 5693481
655 #7 - INDEX TERM--GENRE/FORM
Genre/form data or focus term Situation comedies (Television programs)
Source of term lcgft
9 (RLIN) 5709318
655 #7 - INDEX TERM--GENRE/FORM
Genre/form data or focus term Fiction television programs.
Source of term lcgft
9 (RLIN) 5673656
655 #7 - INDEX TERM--GENRE/FORM
Genre/form data or focus term Television series.
Source of term lcgft
9 (RLIN) 6229897
655 #7 - INDEX TERM--GENRE/FORM
Genre/form data or focus term Video recordings for the hearing impaired.
Source of term lcgft
9 (RLIN) 6229898
655 #7 - INDEX TERM--GENRE/FORM
Genre/form data or focus term Comedy television programs.
Source of term gsafd
9 (RLIN) 102660
700 1# - ADDED ENTRY--PERSONAL NAME
Personal name Parsons, Jim,
Dates associated with a name 1973-
9 (RLIN) 5897531
700 1# - ADDED ENTRY--PERSONAL NAME
Personal name Galecki, Johnny.
9 (RLIN) 67017
700 1# - ADDED ENTRY--PERSONAL NAME
Personal name Cuoco, Kaley.
9 (RLIN) 5738214
700 1# - ADDED ENTRY--PERSONAL NAME
Personal name Helberg, Simon.
9 (RLIN) 6010404
700 1# - ADDED ENTRY--PERSONAL NAME
Personal name Nayyar, Kunal.
9 (RLIN) 5691452
700 1# - ADDED ENTRY--PERSONAL NAME
Personal name Lorre, Chuck.
9 (RLIN) 71483
700 1# - ADDED ENTRY--PERSONAL NAME
Personal name Prady, Bill.
9 (RLIN) 6010402
710 2# - ADDED ENTRY--CORPORATE NAME
Corporate name or jurisdiction name as entry element Warner Bros. Television.
9 (RLIN) 25942
710 2# - ADDED ENTRY--CORPORATE NAME
Corporate name or jurisdiction name as entry element Chuck Lorre Productions (Firm)
9 (RLIN) 5805310
710 2# - ADDED ENTRY--CORPORATE NAME
Corporate name or jurisdiction name as entry element Warner Home Video (Firm)
9 (RLIN) 61103
730 0# - ADDED ENTRY--UNIFORM TITLE
Uniform title Big bang theory (Television program)
9 (RLIN) 6014748
942 ## - ADDED ENTRY ELEMENTS (KOHA)
Koha item type DVD
Source of classification or shelving scheme Dewey Decimal Classification
Holdings
Withdrawn status Lost status Source of classification or shelving scheme Materials specified (bound volume or other part) Damaged status Not for loan Collection code Home library Current library Shelving location Date acquired Source of acquisition Serial Enumeration / chronology Total Checkouts Total Renewals Full call number Barcode Date last seen Date checked out Cost, replacement price Price effective from Koha item type
    Dewey Decimal Classification 3 discs     Television Series Wasatch County Library Wasatch County Library Audio Visual Area 03/02/2022 Amazon Season #4 11 13 TV Series Big Bang Theory #4 34301001823329 02/26/2026 02/18/2026 14.80 03/02/2022 DVD Series
This project was made possible through a grant from the Institute of Museum and Library Service administered by the Utah State Library Division.

Wasatch County Library

  • 465 East 1200 South, Heber City, Utah 84032
  • Phone 435-654-1511 | Fax 435-654-6456

Hours

  • Monday - Friday 9:30 AM - 8:00 PM
  • Saturday 9:30 AM - 1:30 PM
  • Closed Sundays and Holidays